000 00589nam a2200181 i 4500
001 65438
003 ES-MaACL
005 20240125063130.0
007 t|
008 040113s1963 sp ||||1| spa d
100 1 _aFreud, Sigmund,
_d1856-1939
_952547
245 1 0 _aEpistolario 1873-1939 /
_cSigmund Freud ; traducido de la edición inglesa por Joaquín Merino Pérez.
260 _aMadrid :
_bBiblioteca Nueva,
_c1963.
300 _a525 p., 1 lám. ;
_c24 cm.
700 1 _aMerino Pérez, Joaquín.
_980549
852 _aES-MaACL
_jC-22764
_bR.51502
999 _c65438
_d65438